Statistics for Top 100 Most Popular Black Metal Albums on Rate Your Music

Click here to take the quiz!

General Stats

  • This quiz has been taken 14 times
  • The average score is 15 of 101

Answer Stats

No. of RatingsYear of ReleaseSub-GenreAlbum% Correct
23,5141996Atmospheric Black Metal / AmbientFilosofem
100%
13,4931992Black MetalA Blaze In the Northern Sky
64%
13,3971994Black MetalDe Mysteriis Dom Sathanas
64%
12,1031994Symphonic Black MetalIn the Nightside Eclipse
64%
11,7121994Black MetalTransilvanian Hunger
64%
6,7981995Black MetalPanzerfaust
55%
24,0542013Blackgaze / Post-MetalSunbather
55%
5,4041993Melodic Black MetalThe Somberlain
55%
8,4791993Black MetalUnder a Funeral Moon
55%
8,9531984Black Metal / Thrash MetalBathory
45%
10,3321988Black Metal / Thrash MetalBlood Fire Death
45%
8,0341992Black MetalBurzum
45%
13,7021994Atmospheric Black MetalHvis Lyset Tar Oss
45%
9,1461997Symphonic Black MetalAnthems to the Welkin at Dusk
36%
14,5291995Atmospheric Black Metal / Pagan Black MetalBergtatt: Et eeventyr i 5 capitler
36%
10,9711995Melodic Black MetalStorm of the Light's Bane
36%
12,2222006Post-Metal / Atmospheric Black MetalAshes Against the Grain
27%
7,8642015Black MetalExercises In Futility
27%
4,3202002Black MetalSons of Northern Darkness
27%
4,9601985Black Metal / Thrash MetalThe Return....
27%
7,8492014Death Metal / Black MetalThe Satanist
27%
8,7491987Black MetalUnder the Sign of the Black Mark
27%
3,1002001Melodic Black Metal1184
18%
3,5882019Black MetalAge of Excuse
18%
7,6031999Black MetalAt the Heart of Winter
18%
4,0572010Atmospheric Black Metal / Black MetalBelus
18%
7,1261993Black Metal / Atmospheric Black MetalDet som engang var
18%
9,3832010Blackgaze / Post-Metal / ShoegazeÉcailles de lune
18%
3,2561997Symphonic Black MetalEnthrone Darkness Triumphant
18%
3,5722011Black Metal / Atmospheric Black MetalFallen
18%
3,4251990War MetalFallen Angel of Doom....
18%
5,1752012Shoegaze / Blackgaze / Post-MetalLes voyages de l'âme
18%
7,2441997Black MetalNattens madrigal: Aatte hymne til ulven i manden
18%
5,6951993Black MetalPure Holocaust
18%
4,4092019Post-Metal / BlackgazeSpiritual Instinct
18%
3,0532009Folk Metal / Pagan Black MetalГолос сталі
9%
6,2112023Avant-Garde Metal / Black Metal93696
9%
3,4841995Black MetalBattles In the North
9%
3,7501993Death-Doom Metal / Melodic Black MetalDance of December Souls
9%
5,4832000Atmospheric Black Metal / Black MetalDead as Dreams
9%
7,2632019Avant-Garde Metal / Black MetalH.A.Q.Q.
9%
7,1592015Black MetalЛитоургиiа (Litourgiya)
9%
4,4492020Atmospheric Black MetalIm Wald
9%
6,5012019Blackgaze / Post-MetalI Want to be There
9%
5,4722016Blackgaze / Shoegaze / Post-MetalKodama
9%
4,6992010Hardcore Punk / Black 'n' RollKvelertak
9%
7,3762020Avant-Garde Metal / Black Metal / Psychedelic RockMestarin kynsi
9%
3,6191996Black MetalNemesis Divina
9%
8,3472015Atmospheric Black Metal / BlackgazeNew Bermuda
9%
8,7662018Blackgaze / Post-MetalOrdinary Corrupt Human Love
9%
5,2402011Blackgaze / Post-MetalRoads to Judah
9%
12,7032007Shoegaze / Blackgaze / Post-MetalSouvenirs d'un autre monde
9%
4,3401999Atmospheric Black Metal / Symphonic Black MetalStronghold
9%
3,7602003Depressive Black MetalThe Tenth Sub Level of Suicide
9%
3,5802007Folk Metal / Pagan Black MetalTo the Nameless Dead
9%
6,0222007Atmospheric Black MetalTwo Hunters
9%
4,1822016Psychedelic Rock / Black MetalVärähtelijä
9%
3,7192007Depressive Black MetalV • Halmstad (Niklas angående Niklas)
9%
4,8112011Black Metal / Avant-Garde MetalAesthethica
0%
3,5892009Post-Punk / BlackgazeAmesoeurs
0%
3,5082021Atmospheric Black Metal...And Again Into the Light
0%
3,8211999Melodic Black MetalArntor
0%
5,3722004Atmospheric Black Metal / Pagan Black MetalAutumn Aurora
0%
3,4372015Atmospheric Black MetalAutumn Eternal
0%
3,6612003Progressive Metal / Black MetalBelow the Lights
0%
4,6752006Atmospheric Black Metal / Pagan Black MetalКров у наших криницях (Blood in Our Wells)
0%
3,1551993Black MetalDark Medieval Times
0%
3,2122008Atmospheric Black MetalDark Space III
0%
3,6021992Black MetalDiabolical Fullmoon Mysticism
0%
4,1442006Atmospheric Black MetalDiadem of 12 Stars
0%
3,4351993Black MetalDrawing Down the Moon
0%
3,1971996Melodic Black MetalFar Away From the Sun
0%
5,3512007Black MetalFas – Ite, maledicti, in ignem aeternum
0%
3,2832003Atmospheric Black MetalForgotten Legends
0%
4,3522007Depressive Black Metal / Atmospheric Black MetalIl était une forêt...
0%
3,8081987Black Metal / Thrash MetalI.N.R.I.
0%
4,3822022Blackgaze / Post-Hardcoreアイランド (Island)
0%
3,2491999Symphonic Black Metal / Black MetalIX Equilibrium
0%
6,8512010Atmospheric Black Metal / Post-MetalMarrow of the Spirit
0%
6,3442010Atmospheric Black Metal / Ambient / Avant-Garde MetalMurmuüre
0%
4,2412006Atmospheric Black Metal / Pagan Black Metal / Progressive MetalOM
0%
3,3402020Avant-Garde Metal / Chamber Music / Black MetalOrigin of the Alimonies
0%
6,9501999Atmospheric Black Metal / Folk MetalPale Folklore
0%
3,0832021Black MetalPale Swordsman
0%
8,7112010Black MetalParacletus
0%
4,0922024Progressive Metal / Black Metal / Avant-Garde MetalΠαραμαινομένη (Paramainomeni)
0%
7,7871999Atmospheric Black MetalPaysage d'Hiver
0%
3,4541994Black MetalPentagram
0%
3,2222001Symphonic Black Metal / Progressive MetalPrometheus: The Discipline of Fire & Demise
0%
3,1672016Blackgaze / Post-Metal / Atmospheric Sludge MetalRheia
0%
3,1062014Atmospheric Black MetalRoads to the North
0%
4,6112004Black MetalSi monvmentvm reqvires, circvmspice
0%
4,6862013Atmospheric Black Metal / Post-MetalTeethed Glory and Injury
0%
3,3232019Black MetalThe Furnaces of Palingenesia
0%
3,6152023Atmospheric Black MetalThe Rime of Memory
0%
3,3502014Atmospheric Black Metal / Post-MetalThe Serpent & The Sphere
0%
3,4342003Black Metal / Atmospheric Black Metal / Industrial MetalThe Work Which Transforms God
0%
3,6972005Folk Metal / Pagan Black Metal / Black MetalVerisäkeet
0%
3,5651994Black MetalVikingligr veldi
0%
3,9672012Black MetalWith Hearts Toward None
0%
4,2341995Avant-Garde Metal / Progressive Metal / Black MetalWritten In Waters
0%

Score Distribution

Percentile by Number Answered

Percent of People with Each Score

Your Score History

You have not taken this quiz